William and Catherine: (Record no. 6421)

MARC details
000 -LEADER
fixed length control field 00732nam a22002057a 4500
003 - CONTROL NUMBER IDENTIFIER
control field OSt
005 - DATE AND TIME OF LATEST TRANSACTION
control field 20251127084557.0
008 - FIXED-LENGTH DATA ELEMENTS--GENERAL INFORMATION
fixed length control field 251127b |||||||| |||| 00| 0 eng d
020 ## - INTERNATIONAL STANDARD BOOK NUMBER
International Standard Book Number 978-1-84317-621-3
040 ## - CATALOGING SOURCE
Original cataloging agency DWCL-Admin lib
Transcribing agency OC
082 ## - DEWEY DECIMAL CLASSIFICATION NUMBER
Classification number Circ. 941.085 M889w 2011
100 ## - MAIN ENTRY--PERSONAL NAME
Personal name Morton, Andrew
245 ## - TITLE STATEMENT
Title William and Catherine:
Remainder of title their lives,their wedding /
Statement of responsibility, etc. Andrew Morton
260 ## - PUBLICATION, DISTRIBUTION, ETC.
Place of publication, distribution, etc. London:
Name of publisher, distributor, etc. Michael O'Mara Books Ltd.,
Date of publication, distribution, etc. c2011
300 ## - PHYSICAL DESCRIPTION
Extent 224 p. :
Other physical details col. photos ;
Dimensions 26cm
650 ## - SUBJECT ADDED ENTRY--TOPICAL TERM
Topical term or geographic name entry element 1. Catherine,Duchess of Cambrige,1982-Relation with men
650 ## - SUBJECT ADDED ENTRY--TOPICAL TERM
Topical term or geographic name entry element 2. Royal couples-Great Britain-Biography
650 ## - SUBJECT ADDED ENTRY--TOPICAL TERM
Topical term or geographic name entry element 3. William,Prince,Duke of Cambridge,1982-Relations with women
942 ## - ADDED ENTRY ELEMENTS (KOHA)
Source of classification or shelving scheme Dewey Decimal Classification
Koha item type Book Circulation
Call number prefix Circ.
Suppress in OPAC No
952 ## - LOCATION AND ITEM INFORMATION (KOHA)
--
Holdings
Withdrawn status Lost status Source of classification or shelving scheme Damaged status Not for loan Home library Current library Shelving location Date acquired Source of acquisition Cost, normal purchase price Total Checkouts Full call number Barcode Date last seen Copy number Price effective from Koha item type Uniform Resource Identifier
    Dewey Decimal Classification     College Library College Library Circulation 06/22/2011 School Fund 0.00   Circ. 941.085 M889w 2011 48504 11/27/2025 c1 11/27/2025 BK-CIRC